| 000 | 00870cab a2200229 4500 | ||
|---|---|---|---|
| 001 | WB3411-39 | ||
| 008 | 090401t1998 xxu||||| |||| 00| 0 eng d | ||
| 035 | _a(Sirsi) u85091 | ||
| 041 | _aeng | ||
| 245 | _aHousing market survey | ||
| 260 | _c1998 | ||
| 350 | _a0 | ||
| 490 |
_aRICS Press Release _v(pr32.hms) 19 March 1998 (6) |
||
| 520 | _aThe latest RICS Housing Market Survey shows that a growing shortage of property is continuing to push prices up. The highest increases were in the South West and South East. Special survey on the South West housing market. Copies of the survey available from the RICS Library, price £20. | ||
| 650 | _aHOUSE PRICES | ||
| 650 | _aHOUSING MARKET SURVEYS | ||
| 650 | _aRICS SURVEY | ||
| 650 | _aSOUTH WEST | ||
| 690 | _aPROPERTY-RESIDENTIAL PROPERTY-RESIDENTIAL PROPERTY MARKET | ||
| 942 | _n0 | ||
| 948 | _c19/03/1998 | ||
| 999 |
_c53502 _d53502 |
||